People and predators (Record no. 94513)
[ view plain ]
| 000 -LEADER | |
|---|---|
| fixed length control field | 01609nam a2200385 a 4500 |
| 082 04 - DEWEY DECIMAL CLASSIFICATION NUMBER | |
| Classification number | 639.97/97 |
| 245 00 - TITLE STATEMENT | |
| Title | People and predators |
| 260 ## - PUBLICATION, DISTRIBUTION, ETC. (IMPRINT) | |
| Place of publication | Washington : |
| Name of publisher | Island Press, |
| Year of publication | c2004. |
| 300 ## - PHYSICAL DESCRIPTION | |
| Number of Pages | xvi, 285 p. : |
| Other physical details | ill., maps. |
| 500 ## - GENERAL NOTE | |
| General note | "Defenders of Wildlife." |
| 650 #0 - SUBJECT ADDED ENTRY--TOPICAL TERM | |
| Topical Term | Carnivora |
| Topical Term | Carnivora |
| Topical Term | Wildlife management |
| 700 1# - ADDED ENTRY--PERSONAL NAME | |
| Personal name | Fascione, Nina. |
| Personal name | Delach, Aimee. |
| Personal name | Smith, Martin E. |
| 856 40 - ELECTRONIC LOCATION AND ACCESS | |
| Uniform Resource Identifier | http://site.ebrary.com/lib/rucke/Doc?id=10149931 |
No items available.
